000 01174nam a22002657a 4500
001 BRCA_9381
003 FranzMayer
005 20230918124056.0
008 230901b |||||||| |||| 00| 0 eng d
020 _a16659600
040 _aMFM
_bESPAÑOL
_cMFM
050 0 _aAM121.M6
_bI53 2004
110 1 _4Responsbale
_aConacultura
_bINAH
_929446
240 _aMuseos de México y del Mundo.
_hVolumen 01, número 02. Nuevos escenarios, nuevos imaginarios. New scenes, new imaginaries.
_lEspañol e inglés
245 0 _aMuseos de México y del Mundo.
_bVolumen 01, número 02. Nuevos escenarios, nuevos imaginarios. New scenes, new imaginaries.
260 _aMéxico
_bConaculta
_c2004
300 _a181 p
_bIlustraciones a color
_c27 cm
500 _aAnexo 1
500 _aEl libro contiene pedazos de papel adentro, así como una obra doblada
505 _aTexto en: inglés y españolIncluye índice temáticoDirigido a: museógrafos o personas relacionadas al museo.
650 1 _2Museos
_aColecciones y galerías
_vMuseología
_929447
651 2 _2Trabajos en museos
_aOrganización
_vMuseos mexicanos
_929448
856 _3www.m.inah.gob.mx
942 _2lcc
_cB
999 _c11003
_d11003